NHL Players by Team History - Statistics

General Stats
  • This quiz has been taken 81 times
  • The average score is 6 of 20
Answer Stats
Team History Player % Correct
Flames, Blues, Stars, Red Wings, Coyotes Brett Hull
59%
Penguins, Golden Knights, Blackhawks, Wild Marc-Andre Fleury
59%
Ducks, Stars, Canadiens, Lightning, Blackhawks, Oilers, Kings, Lightning Corey Perry
49%
Thrashers, Devils, Kings, Canadiens, Capitals Ilya Kovalchuk
40%
Oilers, Kings, Rangers, Mighty Ducks, Avalanche Jari Kurri
40%
Bruins, Sharks, Maple Leafs, Panthers Joe Thornton
40%
Islanders, Senators, Bruins, Capitals, Islanders Zdeno Chara
36%
Whalers, Blues, Oilers, Ducks, Flyers Chris Pronger
34%
Blackhawks, Sabres, Red Wings, Senators, Red Wings Dominik Hasek
33%
Flyers, Blue Jackets, Panthers Sergei Bobrovsky
33%
Avalanche, Sabres, Blues, Maple Leafs, Predators Ryan O'Reilly
30%
Blackhawks, Bruins, Rangers Phil Esposito
20%
Red Wings, Kings, Rangers Marcel Dionne
19%
Flyers, Nordiques, Islanders, Flyers Ron Hextall
19%
Canadiens, Rangers, Blues, Maple Leafs, Bruins Jacques Plante
17%
Avalanche, Senators, Blue Jackets, Predators, Stars Matt Duchene
16%
Jets, Sabres, Blues, Flyers Dale Hawerchuk
14%
Capitals, North Stars, Rangers, Maple Leafs, Coyotes Mike Gartner
14%
Nordiques, Devils, Blues Peter Stastny
14%
Canadiens, Rangers, Red Wings, Blues Doug Harvey
3%
No matching quizzes found
Score Distribution
Percent of People with Each Score
Percentile by Number Answered
Your Score History
You have not taken this quiz